Statistics for Taylor Swift Songs Starting with I

Click here to take the quiz!

General Stats

  • This quiz has been taken 241 times
  • The average score is 11 of 18

Answer Stats

Song% Correct
Invisible
82%
invisible string
80%
illicit affairs
78%
ivy
71%
I Knew You Were Trouble (Taylor's Version)
69%
I Know Places
67%
I Forgot That You Existed
66%
I Did Something Bad
62%
I Bet You Think About Me (Taylor's Version) [From the Vault]
61%
Innocent
61%
I Wish You Would
61%
I Think He Knows
59%
I Almost Do (Taylor's Version)
57%
It's Nice to Have a Friend
52%
it's time to go - bonus track
49%
I'm Only Me When I'm With You
47%
If This Was A Movie
44%
I Don't Wanna Live Forever (Fifty Shades Darker) (ZAYN, Taylor Swift)
41%

Score Distribution

Percentile by Number Answered

Percent of People with Each Score

Your Score History

You have not taken this quiz